00450nam a2200157Ia 45000010006000000050017000060080041000230410008000640820018000721000027000902450117001172600009002343000033002436500008002766540008002841924920260306171730.0260306s9999||||xx |||||||||||||| ||und|| aESP a658.812bH76L aHorovitz, JacqueseAUT 0aLa satisfacción total del cliente:bla estrategia de 25 compañias europeas líderes en calidad de servicios c1993 axxi, 342 páginas :c24 cm. aGEN aCAN